[Event "77th ch-ARM 1st League"]
[Site "Yerevan ARM"]
[Date "2016.10.26"]
[Round "3.5"]
[White "Harutyunian, Tigran K."]
[Black "Martirosyan, Haik M."]
[Result "0-1"]
[WhiteTitle "IM"]
[BlackTitle "IM"]
[WhiteElo "2495"]
[BlackElo "2470"]
[WhiteFideId "13303635"]
[BlackFideId "13306553"]
[EventDate "2016.10.24"]

1. c4 Nf6 2. Nc3 c5 3. Nf3 e6 4. e3 d5 5. d4 Nc6 6. cxd5 Nxd5 7. Bd3 cxd4 8.
exd4 Be7 9. O-O O-O 10. a3 Nf6 11. Bg5 b6 12. Qc2 g6 13. Bh6 Re8 14. Bb5 Bb7 15.
Ne5 Nxd4 16. Bxe8 Qxe8 17. Qd3 Rd8 18. Qh3 Nd5 19. Nf3 Nxc3 20. Nxd4 Na4 21. Nf3
Rd5 22. Qg3 Qd8 23. Rfe1 Nxb2 24. Ne5 Nd3 25. Nxd3 Rxd3 26. Qf4 Rd4 27. Qg3 Bd6
28. Qc3 Bxh2+ 29. Kxh2 Rh4+ 30. Kg1 Rxh6 31. Rad1 Bd5 32. Re4 Qb8 33. Qf6 Qh2+
34. Kf1 Rh5 35. Rf4 Qxg2+ 36. Ke2 Rf5 37. Rxf5 Qe4+ 38. Kd2 Qxf5 39. Qxf5 gxf5
40. Ke3 Kg7 41. Rc1 Kf6 42. f4 h5 43. Rc8 Kg7 44. Rc2 Be4 45. Rh2 Kh6 46. Kf2 b5
47. Ke3 a5 48. Rb2 h4 49. Rxb5 h3 50. Rb8 Kg7 51. Rb2 Kg6 52. Rd2 a4 53. Rb2 Kf6
54. Rd2 Ke7 55. Rb2 Kd6 56. Kd4 Bg2 0-1

[Event "77th ch-ARM 1st League"]
[Site "Yerevan ARM"]
[Date "2016.10.26"]
[Round "3.6"]
[White "Petrosyan, Manuel"]
[Black "Sargsyan, Shant"]
[Result "1-0"]
[WhiteTitle "IM"]
[BlackTitle "CM"]
[WhiteElo "2530"]
[BlackElo "2440"]
[WhiteFideId "13300857"]
[BlackFideId "13306766"]
[EventDate "2016.10.24"]

1. d4 Nf6 2. c4 g6 3. Nf3 Bg7 4. g3 O-O 5. Bg2 d5 6. cxd5 Nxd5 7. O-O Nb6 8. e4
c5 9. d5 e6 10. Nc3 exd5 11. exd5 Bf5 12. Bg5 Bf6 13. Bxf6 Qxf6 14. Nh4 N8d7 15.
Nxf5 Qxf5 16. d6 Rab8 17. Re1 Rfd8 18. Re7 Nc8 19. Nd5 Nxd6 20. f4 Nf6 21. Re5
Nxd5 22. Rxf5 Ne3 23. Rd5 1-0

[Event "77th ch-ARM 1st League"]
[Site "Yerevan ARM"]
[Date "2016.10.26"]
[Round "3.7"]
[White "Yegiazaryan, Armenak"]
[Black "Bakunts, Rafael"]
[Result "1/2-1/2"]
[WhiteElo "2243"]
[BlackElo "2396"]
[WhiteFideId "13303082"]
[BlackFideId "13304097"]
[EventDate "2016.10.24"]

1. e4 e5 2. Nf3 Nc6 3. d4 exd4 4. Nxd4 Bc5 5. Nb3 Bb6 6. Nc3 Nf6 7. Qe2 O-O 8.
Bg5 Nd4 9. Nxd4 Bxd4 10. O-O-O Bxc3 11. bxc3 d6 12. e5 Re8 13. f4 Bg4 14. Bxf6
Qc8 15. Qe4 gxf6 16. Re1 dxe5 17. Bd3 f5 18. Qe3 e4 19. Bc4 Qd8 20. h3 Bh5 21.
g4 Bg6 22. gxf5 Bxf5 23. Rhg1+ Kh8 24. Bxf7 Rf8 25. Rd1 Qf6 26. Bb3 a5 27. a4
Rae8 1/2-1/2

[Event "77th ch-ARM 1st League"]
[Site "Yerevan ARM"]
[Date "2016.10.27"]
[Round "4.1"]
[White "Sargsyan, Shant"]
[Black "Torosyan, Norayr"]
[Result "1/2-1/2"]
[WhiteTitle "CM"]
[WhiteElo "2440"]
[BlackElo "2386"]
[WhiteFideId "13306766"]
[BlackFideId "13300431"]
[EventDate "2016.10.24"]

1. d4 Nf6 2. c4 g6 3. Nf3 Bg7 4. g3 O-O 5. Bg2 d6 6. O-O c5 7. dxc5 dxc5 8. Ne5
Qc7 9. Nd3 Be6 10. Qb3 Nc6 11. Nxc5 Bc8 12. Bf4 e5 13. Be3 Ng4 14. Na3 Qb6 15.
Na4 Qxb3 16. axb3 Nxe3 17. fxe3 Bh6 18. Nc2 Bf5 19. e4 Bg4 20. Bf3 Bh3 21. Bg2
Bg4 22. Bf3 Bh3 23. Rfd1 Rad8 24. Nc3 Rxd1+ 25. Rxd1 Na5 26. Na1 Be3+ 27. Kh1
Bd4 28. Bg2 Be6 29. Rd3 a6 30. Rd2 Rb8 31. Nd5 b5 32. e3 Bc5 33. Bf1 bxc4 34.
bxc4 Nb3 35. Nxb3 Rxb3 36. Nc7 Bxe3 37. Rd8+ Kg7 38. Nxe6+ fxe6 39. Rd3 1/2-1/2

[Event "77th ch-ARM 1st League"]
[Site "Yerevan ARM"]
[Date "2016.10.27"]
[Round "4.2"]
[White "Hovhannisyan, Karen G."]
[Black "Babujian, Levon"]
[Result "0-1"]
[BlackTitle "GM"]
[WhiteElo "2251"]
[BlackElo "2465"]
[WhiteFideId "13306618"]
[BlackFideId "13301993"]
[EventDate "2016.10.24"]

1. c4 e5 2. g3 Nf6 3. Bg2 c6 4. d4 e4 5. Nc3 d5 6. Bg5 Be7 7. cxd5 cxd5 8. Qb3
O-O 9. e3 Be6 10. Bxf6 Bxf6 11. Nge2 Nc6 12. Nf4 Na5 13. Qb5 a6 14. Qe2 Qd7 15.
O-O Be7 16. f3 f5 17. g4 g6 18. gxf5 gxf5 19. fxe4 dxe4 20. d5 Bf7 21. Bh3 Kh8
22. Nxe4 Rg8+ 23. Ng3 Qb5 24. Qc2 Nc4 25. Qxf5 Rg7 26. Rae1 Bc5 27. Ng2 Qxb2 28.
Kh1 Rag8 29. Rb1 Qxa2 30. e4 Bd4 31. Rbd1 Be5 32. Nf4 b5 33. Rg1 Be8 34. Nge2
Qc2 35. Rxg7 Bxg7 36. Rg1 Nd6 37. Qe6 Nxe4 38. Rxg7 Qd1+ 39. Kg2 Rxg7+ 40. Bg4
Bh5 41. h3 Qc2 42. d6 Qc6 43. Nd4 Bxg4 44. hxg4 Qa8 45. Kh2 Nc5 46. Qf5 Qd8 47.
Nf3 Qxd6 48. Ne5 Kg8 49. g5 Nd7 50. Ng4 Rf7 0-1

[Event "77th ch-ARM 1st League"]
[Site "Yerevan ARM"]
[Date "2016.10.27"]
[Round "4.3"]
[White "Mikaelyan, Arman"]
[Black "Harutyunian, Tigran K."]
[Result "1/2-1/2"]
[WhiteTitle "IM"]
[BlackTitle "IM"]
[WhiteElo "2449"]
[BlackElo "2495"]
[WhiteFideId "13304852"]
[BlackFideId "13303635"]
[EventDate "2016.10.24"]

1. Nf3 d5 2. g3 g6 3. Bg2 Bg7 4. O-O e5 5. d3 Ne7 6. Nbd2 O-O 7. c3 h6 8. e4
Nbc6 9. Re1 Re8 10. Qc2 Be6 11. b4 a6 12. a3 b6 13. Bb2 d4 14. cxd4 exd4 15. Nb3
Qd7 16. Rac1 Rac8 17. e5 Bd5 18. Nbxd4 Nxd4 19. Nxd4 c5 20. Bxd5 Nxd5 21. e6
fxe6 22. bxc5 Rxc5 23. Qd2 Rxc1 24. Qxc1 Qf7 25. Qd2 Ne7 26. Re4 e5 27. Nc2 Nc6
28. Qe2 Rd8 29. Nb4 Nxb4 30. axb4 Qb3 31. Rxe5 Rf8 32. Bd4 Bxe5 33. Qxe5 Qd1+
34. Kg2 Qf3+ 35. Kg1 Qd1+ 1/2-1/2

[Event "77th ch-ARM 1st League"]
[Site "Yerevan ARM"]
[Date "2016.10.27"]
[Round "4.5"]
[White "Hayrapetyan, Hovik"]
[Black "Kalashian, David"]
[Result "1-0"]
[WhiteTitle "GM"]
[BlackTitle "IM"]
[WhiteElo "2468"]
[BlackElo "2358"]
[WhiteFideId "13302639"]
[BlackFideId "13302418"]
[EventDate "2016.10.24"]

1. d4 Nf6 2. c4 e6 3. Nf3 b6 4. g3 Ba6 5. b3 Bb4+ 6. Bd2 Be7 7. Bg2 c6 8. Bc3 d5
9. Ne5 Nfd7 10. Nxd7 Nxd7 11. Nd2 O-O 12. O-O f5 13. a4 Nf6 14. b4 Bxc4 15. Nxc4
dxc4 16. Bxc6 Nd5 17. Qd2 Rc8 18. b5 f4 19. Bxd5 exd5 20. gxf4 Qd6 21. e3 g5 22.
f3 gxf4 23. e4 Qe6 24. Kh1 Kh8 25. exd5 Qxd5 26. Qe2 Bf6 27. Qe4 Rcd8 28. Qxd5
Rxd5 29. Rae1 Kg7 30. Re4 Bg5 31. Rfe1 Kf7 32. Re6 Rc8 33. R1e4 Bf6 34. Rc6 Rxc6
35. bxc6 Bd8 36. Bb4 a5 37. Ba3 Kf6 38. Kg2 c3 39. Kf2 c2 40. Re2 Bc7 41. Rxc2
Rh5 42. Kg2 Ke6 43. Rb2 h6 44. h4 Rf5 45. Kh3 Kd5 46. Rb5+ Ke6 47. Rxf5 Kxf5 48.
d5 Ke5 49. Kg4 Kxd5 50. Kh5 Kxc6 51. Kxh6 Be5 52. h5 b5 53. axb5+ Kxb5 54. Kg6
a4 55. h6 Kc4 56. Bf8 Bb2 57. h7 Kd3 58. Bg7 1-0

[Event "77th ch-ARM 1st League"]
[Site "Yerevan ARM"]
[Date "2016.10.27"]
[Round "4.6"]
[White "Bakunts, Rafael"]
[Black "Shahinyan, David"]
[Result "1/2-1/2"]
[BlackTitle "IM"]
[WhiteElo "2396"]
[BlackElo "2431"]
[WhiteFideId "13304097"]
[BlackFideId "13304380"]
[EventDate "2016.10.24"]

1. e4 e6 2. d4 d5 3. Nc3 Bb4 4. e5 Ne7 5. a3 Bxc3+ 6. bxc3 c5 7. Qg4 cxd4 8.
Qxg7 Rg8 9. Qxh7 Qc7 10. Ne2 dxc3 11. f4 Nbc6 12. h4 Bd7 13. h5 O-O-O 14. Qd3 d4
15. h6 Be8 16. Rb1 f6 17. exf6 Bg6 18. Qc4 Nf5 19. Qxe6+ Kb8 20. f7 Bxf7 21.
Qxf5 Bg6 22. Qb5 Bxc2 23. f5 Rge8 24. Bf4 Ne5 25. h7 Nd3+ 26. Qxd3 Qxf4 27.
Rxb7+ Ka8 28. Re7 Bxd3 29. Nxf4 Rxe7+ 30. Kf2 Rxh7 31. Rxh7 Bxf5 32. Rc7 d3 33.
Bxd3 Bxd3 34. Rxc3 Bf5 35. Rc5 Bg4 36. Nd5 Kb7 37. Ke3 Be6 38. Nf4 Bc8 39. Rg5
Rd1 40. Rd5 Ra1 41. Rd3 Kb6 42. Rc3 Bd7 43. Kd4 Kb5 44. Nd3 Be6 45. Nc5 Rd1+ 46.
Rd3 Rxd3+ 47. Nxd3 Bf5 48. Nb2 Bc8 49. g3 Bh3 50. Kc3 Bc8 51. Nc4 Kc5 52. Ne3
Bb7 53. Kd3 Bf3 54. g4 Kd6 55. Kd4 Ke6 56. a4 a5 57. Kc5 Ke5 58. g5 Be4 59. Nc4+
Ke6 60. Ne3 Ke5 61. Kb6 Kf4 62. Nc4 Kxg5 63. Kxa5 Bc2 64. Kb4 Bxa4 1/2-1/2

[Event "77th ch-ARM 1st League"]
[Site "Yerevan ARM"]
[Date "2016.10.27"]
[Round "4.7"]
[White "Hakobyan, Aram"]
[Black "Yegiazaryan, Armenak"]
[Result "1-0"]
[WhiteTitle "FM"]
[WhiteElo "2417"]
[BlackElo "2243"]
[WhiteFideId "13306677"]
[BlackFideId "13303082"]
[EventDate "2016.10.24"]

1. d4 d5 2. c4 e6 3. Nf3 Nf6 4. Nc3 Nbd7 5. cxd5 exd5 6. Bg5 Bb4 7. Rc1 c5 8. a3
Bxc3+ 9. Rxc3 O-O 10. dxc5 Qa5 11. b4 Qc7 12. Rc1 a5 13. e3 axb4 14. axb4 Re8
15. Be2 h6 16. Bf4 Qd8 17. O-O Nf8 18. Nd4 Ng6 19. Bg3 Ne4 20. Nb5 Ne5 21. Nc3
Nxg3 22. hxg3 Be6 23. f4 Nc6 24. f5 Bc8 25. b5 Ne5 26. f6 Be6 27. Qd4 gxf6 28.
Rf4 Rc8 29. Rcf1 Nd7 30. e4 dxe4 31. Nxe4 Nxc5 32. Nxf6+ Kf8 33. Nxe8 Qxd4+ 34.
Rxd4 Rxe8 35. Bg4 Bb3 36. Bf3 Re5 37. Rh4 Ne6 38. b6 Rb5 39. Rb1 Rxb6 40. Rxh6
Rb5 41. Rh5 Rxh5 42. Bxh5 Nc5 43. Bd1 Bc4 44. Bf3 b5 45. Kf2 Ke7 46. Ke3 Na4 47.
Kd4 Kd6 48. Rh1 Nc5 49. Rh5 Ne6+ 50. Kc3 Nc7 51. Bg4 Bd5 52. Bf3 Be6 53. Kd4 Bc4
54. Bg4 Bd5 55. Rh6+ Ne6+ 56. Bxe6 Bxe6 57. Rh5 b4 58. Rb5 b3 59. Rb6+ Kc7 60.
Kc5 Kd7 61. Rb7+ Ke8 62. Kd6 Kf8 63. Ke5 Kg7 64. Ke4 Kg6 65. Rb5 Kf6 66. Kf4 Kg6
67. g4 Kf6 68. Rb6 Kg6 69. g5 Kg7 70. g3 Kg6 71. g4 Kg7 72. Kg3 Bc4 73. Kh4 Bd5
74. Kh5 Be4 75. Rxb3 Bg6+ 76. Kh4 Kh7 77. Kg3 Kg7 78. Kf4 Bc2 79. Rb6 Bd3 80.
Rf6 Bc2 81. Ke5 Bd1 82. g6 fxg6 83. g5 Bc2 84. Rc6 Bb1 85. Rc7+ Kg8 86. Kf6 Kh8
87. Rg7 Bc2 88. Rxg6 1-0

[Event "77th ch-ARM 1st League"]
[Site "Yerevan ARM"]
[Date "2016.10.28"]
[Round "5.1"]
[White "Kalashian, David"]
[Black "Hovhannisyan, Karen G."]
[Result "1-0"]
[WhiteTitle "IM"]
[WhiteElo "2358"]
[BlackElo "2251"]
[WhiteFideId "13302418"]
[BlackFideId "13306618"]
[EventDate "2016.10.24"]

1. e4 c5 2. Nc3 Nc6 3. Nf3 g6 4. d4 cxd4 5. Nxd4 Bg7 6. Be3 Nf6 7. Bc4 O-O 8.
Bb3 Ng4 9. Qxg4 Nxd4 10. Bxd4 Bxd4 11. O-O-O Bxc3 12. bxc3 d6 13. Qg3 a5 14. a4
Be6 15. h4 Qb6 16. Kb2 h5 17. f4 Bxb3 18. cxb3 Qc6 19. Qd3 Qc5 20. Qf3 e6 21. c4
Rac8 22. Qd3 Rc6 23. Rhf1 Re8 24. Rd2 Qb4 25. f5 Qc5 26. fxg6 fxg6 27. Qg3 Kg7
28. Qc3+ e5 29. Qf3 Kh6 30. Rd5 Qb6 31. Qf7 Qd8 32. Rf6 Rg8 33. g4 Rg7 34. Qe6
Qg8 35. g5+ Kh7 36. Qxg8+ Rxg8 37. Rfxd6 Rxd6 38. Rxd6 Rf8 39. Rd7+ Kg8 40. Rxb7
Rf2+ 41. Ka3 Kf8 42. Rb5 Rf4 43. Rxa5 Rxh4 44. Rxe5 Rh1 45. Rd5 h4 46. Rd8+ Ke7
47. Rh8 Kd6 48. Kb4 1-0

[Event "77th ch-ARM 1st League"]
[Site "Yerevan ARM"]
[Date "2016.10.28"]
[Round "5.2"]
[White "Babujian, Levon"]
[Black "Sargsyan, Shant"]
[Result "0-1"]
[WhiteTitle "GM"]
[BlackTitle "CM"]
[WhiteElo "2465"]
[BlackElo "2440"]
[WhiteFideId "13301993"]
[BlackFideId "13306766"]
[EventDate "2016.10.24"]

1. d4 Nf6 2. c4 e6 3. Nc3 Bb4 4. Nf3 b6 5. Bg5 h6 6. Bh4 g5 7. Bg3 Ne4 8. Qc2
Bb7 9. e3 Bxc3+ 10. bxc3 d6 11. Bd3 f5 12. d5 Na6 13. Bxe4 fxe4 14. Qxe4 Qf6 15.
Qxe6+ Qxe6 16. dxe6 Bxf3 17. gxf3 Nc5 18. h4 Ke7 19. Ke2 Kxe6 20. Rh2 Raf8 21.
Rah1 Rhg8 22. hxg5 hxg5 23. Rh7 Rf7 24. f4 gxf4 25. Bxf4 Ne4 26. a3 Rgg7 27. Rh8
Kd7 28. Ra8 a5 29. Rc1 Re7 30. Rh8 Kc6 31. Rh2 Rgf7 32. Kd3 Nc5+ 33. Kc2 Re4 34.
Rd1 Rxc4 35. Rd4 Ra4 36. Rxa4 Nxa4 37. Rg2 b5 38. Rg4 Nb6 39. Bg3 a4 40. Kb2
Nc4+ 41. Ka2 Rh7 42. Bh4 Rh5 43. Rd4 Kd7 44. Rg4 Rh7 45. Rf4 Rg7 46. e4 Rg1 47.
Rf7+ Kc8 48. f4 Rg4 49. Be7 Rg2+ 50. Ka1 Nxa3 51. e5 Nc4 52. e6 Re2 53. f5 a3
54. Bd8 Na5 55. Rxc7+ Kxd8 56. Ra7 Nb3+ 57. Kb1 Rb2# 0-1

[Event "77th ch-ARM 1st League"]
[Site "Yerevan ARM"]
[Date "2016.10.28"]
[Round "5.3"]
[White "Petrosyan, Manuel"]
[Black "Mikaelyan, Arman"]
[Result "0-1"]
[WhiteTitle "IM"]
[BlackTitle "IM"]
[WhiteElo "2530"]
[BlackElo "2449"]
[WhiteFideId "13300857"]
[BlackFideId "13304852"]
[EventDate "2016.10.24"]

1. d4 Nf6 2. c4 g6 3. Nf3 Bg7 4. g3 O-O 5. Bg2 d6 6. O-O Nbd7 7. Nc3 e5 8. h3
Re8 9. e4 exd4 10. Nxd4 Nc5 11. Re1 Bd7 12. Nb3 Na4 13. Nxa4 Bxa4 14. Bd2 Nd7
15. Qc2 h5 16. Bc3 h4 17. Bxg7 Kxg7 18. Qc3+ Qf6 19. Qxf6+ Kxf6 20. gxh4 Bxb3
21. axb3 a5 22. Kh2 Nc5 23. Re3 Ra6 24. Bf3 Re5 25. Bg2 Rh5 26. f4 Rxh4 27. e5+
dxe5 28. fxe5+ Ke7 29. Rf1 Rh7 30. Rd1 c6 31. Ra1 Rh4 32. Rf3 Rb6 33. Rxa5 Nxb3
34. Ra8 Nd2 35. Rd3 Nxc4 36. e6 Kxe6 37. Kg3 Rh5 38. b3 Nd6 39. Bf3 Re5 40. Rd8
Nf5+ 41. Kf2 Reb5 42. Bd1 Rb4 43. Bc2 Rf4+ 44. Ke1 Rbb4 45. Rc3 Nd4 46. Bd1 Ke7
47. Rb8 Re4+ 48. Kd2 Ne6 49. Kc2 Red4 50. Ra8 Rd5 51. Re3 Rbd4 52. Be2 Rc5+ 53.
Kb1 Kf6 54. Ra7 Rb4 55. Kb2 Re5 56. Rxe5 Kxe5 57. Bc4 Rb6 58. Ra5+ Kd6 59. Kc3
c5 60. Ra7 Nc7 61. Ra1 f5 62. h4 Nd5+ 63. Kd3 Rb4 64. Ra8 Nf4+ 65. Kc2 b5 66.
Bf1 Ne6 67. Rg8 Nd4+ 68. Kd1 Rxb3 69. Rxg6+ Ke5 70. Bg2 c4 0-1

[Event "77th ch-ARM 1st League"]
[Site "Yerevan ARM"]
[Date "2016.10.28"]
[Round "5.4"]
[White "Yegiazaryan, Armenak"]
[Black "Hayrapetyan, Hovik"]
[Result "1-0"]
[BlackTitle "GM"]
[WhiteElo "2243"]
[BlackElo "2468"]
[WhiteFideId "13303082"]
[BlackFideId "13302639"]
[EventDate "2016.10.24"]

1. e4 c5 2. Nf3 e6 3. d4 cxd4 4. Nxd4 a6 5. Bd3 Nf6 6. O-O Qc7 7. Qe2 d6 8. c4
g6 9. Nc3 Bg7 10. Nf3 O-O 11. Rd1 Nbd7 12. Bc2 Ng4 13. Bg5 Nde5 14. Nd2 h6 15.
Bh4 g5 16. Bg3 b6 17. Rac1 Bb7 18. b4 f5 19. exf5 exf5 20. Nd5 Bxd5 21. cxd5 Qf7
22. h3 Nf6 23. Bxf5 Nxd5 24. Bb1 Nf4 25. Qe4 Bh8 26. Bxf4 gxf4 27. Nf3 Rad8 28.
Nxe5 Bxe5 29. Qf3 Kh8 30. Rc6 Rg8 31. Bc2 Rg5 32. Bb3 Qf6 33. Rxb6 Rc8 34. Rxa6
h5 35. Ra8 Rxa8 36. Qxa8+ Kg7 37. Qf3 Kh6 38. Bc2 Rg7 39. a4 Rc7 40. Bd3 Rc3 41.
a5 Rb3 42. b5 Rb2 43. b6 Bd4 44. Be2 Qe5 45. b7 Ba7 46. Kf1 Ra2 47. Rd5 Qa1+ 48.
Bd1 1-0

[Event "77th ch-ARM 1st League"]
[Site "Yerevan ARM"]
[Date "2016.10.28"]
[Round "5.5"]
[White "Torosyan, Norayr"]
[Black "Martirosyan, Haik M."]
[Result "0-1"]
[BlackTitle "IM"]
[WhiteElo "2386"]
[BlackElo "2470"]
[WhiteFideId "13300431"]
[BlackFideId "13306553"]
[EventDate "2016.10.24"]

1. e4 e5 2. Nf3 Nc6 3. Bc4 Bc5 4. c3 Nf6 5. d3 d6 6. O-O O-O 7. a4 a6 8. Na3 Ba7
9. Nc2 Ne7 10. Be3 Bb8 11. Bg5 Ng6 12. Nh4 Kh8 13. Nxg6+ fxg6 14. Qd2 h6 15. Be3
g5 16. f3 c6 17. b4 a5 18. b5 d5 19. exd5 cxd5 20. Ba2 Be6 21. Kh1 Bd6 22. Bg1
Qc7 23. c4 dxc4 24. dxc4 Bc5 25. Bxc5 Qxc5 26. Qe3 Rac8 27. Qxc5 Rxc5 28. Ne3
Rd8 29. Rfd1 Rd4 30. Bb3 Rc8 31. Kg1 Nd7 32. Kf2 Nc5 33. Bc2 Rcd8 34. Ke2 Kg8
35. b6 R8d6 36. Rab1 Bd7 37. Rxd4 exd4 38. Nd5 d3+ 39. Bxd3 Nxd3 40. Kxd3 Bf5+
41. Kd4 Bxb1 42. Ke5 Rd8 43. c5 Kf7 44. Nc3 Bd3 0-1

[Event "77th ch-ARM 1st League"]
[Site "Yerevan ARM"]
[Date "2016.10.28"]
[Round "5.6"]
[White "Harutyunian, Tigran K."]
[Black "Bakunts, Rafael"]
[Result "1-0"]
[WhiteTitle "IM"]
[WhiteElo "2495"]
[BlackElo "2396"]
[WhiteFideId "13303635"]
[BlackFideId "13304097"]
[EventDate "2016.10.24"]

1. Nf3 d5 2. g3 g6 3. c4 dxc4 4. Qa4+ Nc6 5. Bg2 Bg7 6. O-O e5 7. Nxe5 Bxe5 8.
Bxc6+ bxc6 9. Qxc6+ Bd7 10. Qe4 f6 11. f4 Bf5 12. Qc6+ Bd7 13. Qe4 Bf5 14. Qe3
Qd4 15. fxe5 fxe5 16. Qxd4 exd4 17. Na3 d3 18. e3 Nf6 19. Nxc4 O-O 20. b3 Ne4
21. Ba3 c5 22. Rac1 g5 23. Ne5 Nxd2 24. Rfd1 Ne4 25. Nxd3 Bg4 26. Nxc5 Nc3 27.
Rd2 Ne2+ 28. Rxe2 Bxe2 29. Ne6 Rfc8 30. Nc7 Rab8 31. e4 Rb6 32. e5 Bf3 33. Kf2
g4 34. Bd6 h6 35. Rc4 a5 36. Ke3 Rd8 37. Kf4 Rbxd6 38. exd6 Rxd6 39. Ke5 Rd2 40.
Ne6 Rf2 41. Rc5 a4 42. bxa4 Kf7 43. Rc7+ Ke8 44. a5 Bh1 45. a4 Rxh2 46. a6 Re2+
47. Kf5 Rf2+ 48. Ke5 Re2+ 49. Kf6 Rf2+ 50. Nf4 Kd8 51. Rh7 Kc8 52. a7 Ba8 53. a5
h5 54. a6 1-0

[Event "77th ch-ARM 1st League"]
[Site "Yerevan ARM"]
[Date "2016.10.28"]
[Round "5.7"]
[White "Shahinyan, David"]
[Black "Hakobyan, Aram"]
[Result "1-0"]
[WhiteTitle "IM"]
[BlackTitle "FM"]
[WhiteElo "2431"]
[BlackElo "2417"]
[WhiteFideId "13304380"]
[BlackFideId "13306677"]
[EventDate "2016.10.24"]

1. g3 d5 2. Nf3 Nf6 3. Bg2 e6 4. O-O Be7 5. c4 d4 6. b4 O-O 7. Bb2 c5 8. d3 a5
9. bxc5 Bxc5 10. Ba3 Nbd7 11. Qc1 Re8 12. Nbd2 e5 13. Rb1 Ra6 14. Ng5 Qc7 15.
Rb5 b6 16. Nge4 Nxe4 17. Nxe4 Bf8 18. Bxf8 Nxf8 19. Qa3 Bd7 20. Qd6 Qxd6 21.
Nxd6 Re6 22. Rd5 Bc6 23. Nb5 Bxd5 24. cxd5 Re8 25. Nc7 Raa8 26. d6 Rac8 27. Nxe8
Rxe8 28. Rc1 Rd8 29. Rc6 Nd7 30. Bh3 g6 31. Bxd7 Rxd7 32. Rxb6 Kg7 33. Ra6 Kf6
34. g4 Ke6 35. Kg2 Rxd6 36. Rxa5 h5 37. gxh5 gxh5 38. Ra8 Kf5 39. a4 Rb6 40. a5
Rb2 41. a6 f6 42. a7 Rb7 43. Kf3 Rg7 44. h4 Re7 45. e4+ dxe3 46. fxe3 e4+ 47.
dxe4+ Ke5 48. Kf2 Kxe4 49. Ke2 Kf5 50. Kf3 Rg7 51. e4+ Kg6 52. Kf4 Kh7 53. Kf5
Rf7 54. Ke6 1-0

[Event "77th ch-ARM 1st League"]
[Site "Yerevan ARM"]
[Date "2016.10.29"]
[Round "6.1"]
[White "Hovhannisyan, Karen G."]
[Black "Sargsyan, Shant"]
[Result "0-1"]
[BlackTitle "CM"]
[WhiteElo "2251"]
[BlackElo "2440"]
[WhiteFideId "13306618"]
[BlackFideId "13306766"]
[EventDate "2016.10.24"]

1. c4 Nf6 2. g3 e6 3. Bg2 d5 4. Nf3 dxc4 5. Qa4+ c6 6. Qxc4 b5 7. Qc2 Bb7 8. d4
Nbd7 9. Ne5 Rc8 10. O-O Qb6 11. Rd1 Nxe5 12. dxe5 Ng4 13. e3 Nxe5 14. Qe4 Nd7
15. Nc3 Nf6 16. Qf3 Bc5 17. e4 Bd4 18. a4 a6 19. a5 Qa7 20. e5 Nd5 21. Bf4 O-O
22. Ne4 c5 23. Nd6 Rc7 24. Rxd4 cxd4 25. Bg5 Ba8 26. Qg4 Kh8 27. Qh4 f6 28. Be4
f5 29. Bf3 Ne7 30. Bh5 Kg8 31. Rd1 Ng6 32. Bxg6 hxg6 33. Bd8 Rc2 34. Bb6 Qd7 35.
Rf1 Qc6 36. f3 Rc1 0-1

[Event "77th ch-ARM 1st League"]
[Site "Yerevan ARM"]
[Date "2016.10.29"]
[Round "6.2"]
[White "Mikaelyan, Arman"]
[Black "Torosyan, Norayr"]
[Result "0-1"]
[WhiteTitle "IM"]
[WhiteElo "2449"]
[BlackElo "2386"]
[WhiteFideId "13304852"]
[BlackFideId "13300431"]
[EventDate "2016.10.24"]

1. d4 Nf6 2. c4 g6 3. Nc3 Bg7 4. e4 d6 5. Be2 O-O 6. Nf3 e5 7. d5 a5 8. Bg5 h6
9. Bh4 Na6 10. Nd2 Nc5 11. O-O Bd7 12. Qc2 Qe8 13. Nb5 Qb8 14. b3 c6 15. Nc3
cxd5 16. cxd5 Rc8 17. Qb1 b5 18. Rc1 Rc7 19. Nd1 Qa7 20. Ne3 Rac8 21. g4 Na6 22.
Rxc7 Rxc7 23. Qe1 Nc5 24. Qb1 Na6 25. Qe1 Nc5 26. Qb1 a4 27. Bg3 a3 28. h4 Na6
29. Qe1 Qc5 30. h5 Nb4 31. hxg6 fxg6 32. Bf3 Nd3 33. Qf1 Qc3 34. Rd1 Nb2 35. Nb1
Nxd1 36. Nxc3 Nxc3 37. Qe1 b4 38. Qd2 Bb5 39. Kg2 Nd7 40. Nd1 Kh7 41. g5 Nc5 42.
Bh4 h5 43. Bxh5 Nxb3 44. Qe3 Nd4 45. Nxc3 bxc3 46. Bd1 Be2 47. Ba4 Bf3+ 48. Kh2
Rc4 49. Bg3 Rxa4 50. Qxc3 Bxe4 51. Qc7 Bxd5 52. Qxd6 Bxa2 53. Qd7 Ra8 54. Qb7
Re8 55. Qa7 Nc2 56. f4 Be6 57. f5 Bxf5 58. Qa4 Rc8 59. Qa7 Kg8 60. Qa6 e4 61.
Bd6 e3 62. Kg3 e2 63. Qxe2 a2 64. Be5 Bxe5+ 65. Qxe5 a1=Q 0-1

[Event "77th ch-ARM 1st League"]
[Site "Yerevan ARM"]
[Date "2016.10.29"]
[Round "6.3"]
[White "Hakobyan, Aram"]
[Black "Harutyunian, Tigran K."]
[Result "1/2-1/2"]
[WhiteTitle "FM"]
[BlackTitle "IM"]
[WhiteElo "2417"]
[BlackElo "2495"]
[WhiteFideId "13306677"]
[BlackFideId "13303635"]
[EventDate "2016.10.24"]

1. d4 Nf6 2. c4 e6 3. Nc3 Bb4 4. Qc2 d6 5. a3 Bxc3+ 6. Qxc3 Nbd7 7. Bg5 b6 8. e3
Bb7 9. Ne2 O-O 10. Rd1 Qe7 11. Qc2 c5 12. Nc3 cxd4 13. Rxd4 Ne5 14. Be2 h6 15.
Bf4 Rac8 16. O-O Nc6 17. Rd2 e5 18. Bg3 Na5 19. Qa4 Qe6 20. Rfd1 Rfd8 21. Qb4
Rc5 22. Na4 Rxc4 23. Bxc4 Nxc4 24. Rc2 Rc8 25. Rdc1 Qd5 26. e4 Qxe4 27. f3 Qe3+
28. Bf2 Qg5 29. Rxc4 Rxc4 30. Qxc4 b5 31. h4 Qd2 32. Qc2 Qxc2 33. Rxc2 bxa4 34.
Rc4 a6 35. Rxa4 Nd5 36. Rc4 f5 37. b4 Kf7 38. a4 h5 39. b5 axb5 40. axb5 Ke6 41.
b6 Kd7 42. Rc1 Bc6 43. Kf1 Nf4 44. Ra1 Bb7 45. Be1 d5 46. Bg3 Ng6 47. Kg1 Kc6
48. Re1 f4 49. Bf2 Kd6 50. Rc1 Bc6 51. Bc5+ Kd7 52. Bb4 Nxh4 53. Ba5 Kd6 54.
Bb4+ Kd7 55. Ba5 Kd6 56. b7 Bxb7 57. Rc7 Bc6 58. Rxg7 Ke6 59. Bd8 Nf5 60. Rg6+
Kd7 61. Bf6 e4 62. Be5 exf3 63. gxf3 d4 64. Rf6 Nh4 65. Rd6+ Kc7 66. Rh6+ Kb7
67. Bxf4 Nxf3+ 68. Kf2 h4 69. Bc1 Kb6 70. Ba3 d3 71. Bc1 d2 72. Bxd2 Nxd2 73.
Rxh4 Ne4+ 74. Rxe4 Bxe4 1/2-1/2

[Event "77th ch-ARM 1st League"]
[Site "Yerevan ARM"]
[Date "2016.10.29"]
[Round "6.4"]
[White "Martirosyan, Haik M."]
[Black "Babujian, Levon"]
[Result "1-0"]
[WhiteTitle "IM"]
[BlackTitle "GM"]
[WhiteElo "2470"]
[BlackElo "2465"]
[WhiteFideId "13306553"]
[BlackFideId "13301993"]
[EventDate "2016.10.24"]

1. Nf3 Nf6 2. c4 c5 3. Nc3 d5 4. cxd5 Nxd5 5. e4 Nxc3 6. dxc3 Qxd1+ 7. Kxd1 Nd7
8. Be3 e6 9. Nd2 Be7 10. a4 O-O 11. Kc2 Ne5 12. Be2 Bd7 13. f4 Nc6 14. Nc4 Rfd8
15. Rhd1 Be8 16. e5 f6 17. exf6 gxf6 18. Bd3 Rac8 19. f5 e5 20. b3 Nb8 21. Be4
Bc6 22. Rxd8+ Rxd8 23. Bxc6 Nxc6 24. Nd2 Rc8 25. g4 Kf7 26. Rg1 b6 27. h4 h5 28.
g5 Nd4+ 29. Bxd4 cxd4 30. Ne4 dxc3 31. gxf6 Bf8 32. Rg6 Ke8 33. Rg8 Rc6 34. Rh8
a6 35. Rh7 b5 36. axb5 axb5 37. Rb7 Bd6 38. Rxb5 Bc7 39. Rb7 Bd8 40. Rb8 1-0